[Event "X Open internazionale"]
[Site "Banyoles SPA"]
[Date "2007.08.22"]
[Round "7"]
[White "Coursaget, Nicolas"]
[Black "Gonzalez Garcia, Jose"]
[Result "0-1"]
[WhiteElo "2333"]
[BlackElo "2540"]
[PlyCount "184"]
[EventDate "2007.08.16"]
[Source "www.chesslib.no"]
[SourceDate "2004.05.04"]

1. d4 e6 2. c4 Bb4+ 3. Nc3 Nf6 4. Qc2 Nc6 5. Nf3 d6 6. g3 O-O 7. Bg2 e5 8. d5 Nb8 9. Bd2 a5 10. O-O Nbd7 11. Rad1 Nc5 12. a3 Bxc3 13. Bxc3 a4 14. Nh4 Bd7 15. e4 Ng4 16. Rde1 f6 17. Bd2 Nb3 18. h3 Nxd2 19. Qxd2 Nh6 20. f4 Nf7 21. Nf3 c6 22. Kh2 cxd5 23. Qxd5 Qc7 24. f5 Ra5 25. Qd3 Rc5 26. Nd2 b5 27. Rc1 bxc4 28. Qc2 Rb8 29. Rf2 Qb6 30. Rb1 Bc6 31. Bf1 d5 32. exd5 Bxd5 33. Bg2 Bxg2 34. Rxg2 Qc6 35. Ne4 Rcb5 36. g4 Rb3 37. Nd2 Ng5 38. Rg3 Rxg3 39. Kxg3 Rd8 40. Qxc4+ Qxc4 41. Nxc4 Rd3+ 42. Kg2 Nxh3 43. Nb6 Nf4+ 44. Kf2 Rd4 45. b4 axb3 46. Rxb3 Nd3+ 47. Ke3 Nc5 48. Rb5 Nd7 49. Nc8 Ra4 50. Rb7 Rxa3+ 51. Ke2 Ra2+ 52. Ke3 Ra3+ 53. Ke2 Rd3 54. Ra7 Rd4 55. Ne7+ Kf8 56. Nc6 Rd6 57. Ra8+ Kf7 58. Nd8+ Ke7 59. Ne6 Rxe6 60. fxe6 Kxe6 61. Ra7 h6 62. Ke3 g6 63. Ra8 Kf7 64. Ra7 Ke6 65. Ra8 h5 66. gxh5 gxh5 67. Rh8 f5 68. Rxh5 Nf6 69. Rh8 f4+ 70. Kf3 Kf5 71. Ra8 e4+ 72. Kg2 Kg4 73. Rf8 Nd5 74. Rg8+ Kf5 75. Kf2 Ke5 76. Re8+ Kd4 77. Rd8 Ke5 78. Re8+ Kf5 79. Rh8 Nf6 80. Kg2 Kg5 81. Ra8 Kg4 82. Ra6 Nh7 83. Rg6+ Ng5 84. Kf2 Kf5 85. Rg8 Ne6 86. Re8 Nd4 87. Rf8+ Ke5 88. Re8+ Kd5 89. Re7 Nf5 90. Rd7+ Ke5 91. Rd8 f3 92. Ra8 Kf4 0-1

[Event "Budapest Spring Open"]
[Site "Budapest HUN"]
[Date "1994.??.??"]
[Round "5"]
[White "Kahn, Evarth"]
[Black "Loginov, Valery A"]
[Result "0-1"]
[WhiteElo "2325"]
[BlackElo "2540"]
[PlyCount "64"]
[EventDate "1994.03.??"]
[Source "www.chesslib.no"]
[SourceDate "2004.05.04"]

1. d4 Nf6 2. c4 e6 3. Nc3 Bb4 4. Qc2 Nc6 5. e3 e5 6. dxe5 Nxe5 7. a3 Bxc3+ 8. Qxc3 d6 9. Be2 Ne4 10. Qd4 Bf5 11. Nf3 Qe7 12. O-O O-O 13. b3 c5 14. Qb2 Rad8 15. Nd2 d5 16. cxd5 Rxd5 17. Nxe4 Bxe4 18. f3 Bd3 19. e4 Rd7 20. Bf4 Bxe2 21. Qxe2 Nd3 22. Bg3 b5 23. a4 c4 24. axb5 cxb3 25. Rad1 Qc5+ 26. Bf2 Qxb5 27. Bxa7 Ra8 28. Be3 Ra2 29. Ra1 Rda7 30. Rxa2 Rxa2 31. Qd1 h6 32. Qb1 Re2 0-1

[Event "HUN-chT1"]
[Site "HUN"]
[Date "1995.??.??"]
[Round "?"]
[White "Dao, Thien Hai"]
[Black "Kiss, Attila"]
[Result "1/2-1/2"]
[WhiteElo "2480"]
[BlackElo "2380"]
[PlyCount "73"]
[EventDate "1995.??.??"]
[Source "www.chesslib.no"]
[SourceDate "2004.05.04"]

1. d4 Nf6 2. c4 e6 3. Nc3 Bb4 4. Qc2 Nc6 5. Nf3 d5 6. Bg5 dxc4 7. e3 Qd5 8. Bxf6 gxf6 9. Nd2 Bxc3 10. bxc3 Na5 11. Ne4 Ke7 12. f3 f5 13. Nd2 Bd7 14. Qb2 b6 15. Be2 c5 16. O-O cxd4 17. cxd4 Rac8 18. Nb1 Rhg8 19. Nc3 Qd6 20. Rad1 Rg6 21. Rf2 Rcg8 22. Bf1 Rh6 23. g3 Rhg6 24. e4 h5 25. e5 Qc7 26. Qb4+ Ke8 27. Bg2 h4 28. gxh4 Bc6 29. Kf1 Qb7 30. Rdd2 Qe7 31. Qxe7+ Kxe7 32. f4 Bxg2+ 33. Rxg2 Rxg2 34. Rxg2 Rh8 35. d5 exd5 36. Nxd5+ Ke6 37. Rd2 1/2-1/2

[Event "Sokolsky mem"]
[Site "Minsk"]
[Date "1981.??.??"]
[Round "6"]
[White "Chekhov, Valery A"]
[Black "Shereshevski, Mikhail"]
[Result "1-0"]
[WhiteElo "2435"]
[BlackElo "2420"]
[PlyCount "79"]
[EventDate "1981.??.??"]
[Source "ChessBase"]

1. d4 Nf6 2. c4 e6 3. Nc3 Bb4 4. Qc2 Nc6 5. Nf3 d5 6. e3 O-O 7. a3 Bxc3+ 8. Qxc3 a5 9. b3 a4 10. b4 dxc4 11. Bxc4 Bd7 12. O-O Na7 13. Re1 Bb5 14. Ba2 Bc6 15. Ne5 Bd5 16. Bb1 Be4 17. Bxe4 Nxe4 18. Qc2 Qd5 19. f3 Nd6 20. Bb2 Nab5 21. Rec1 f5 22. Nd3 Nc8 23. Nc5 Nb6 24. Qd3 Na7 25. e4 fxe4 26. fxe4 Qc6 27. Na6 Qd6 28. e5 Qd7 29. Rxc7 Qd5 30. Nc5 Nc4 31. Qg3 Rf7 32. Rxf7 Kxf7 33. Rf1+ Kg8 34. Qf4 h6 35. Qf7+ Kh8 36. Nxe6 Rg8 37. Bc1 Nc6 38. Qg6 Ne7 39. Qg4 Nb6 40. Rf8 1-0

[Event "Goeteborg SWE, Men Ch 2005"]
[Site "?"]
[Date "2005.07.14"]
[Round "12"]
[White "Hillarp Persson Tiger"]
[Black "Andreasson Ingvar"]
[Result "1-0"]
[WhiteElo "2511"]
[BlackElo "2341"]
[PlyCount "91"]
[EventDate "2005.??.??"]
[Source "www.chesslib.no"]
[SourceDate "2004.05.04"]

1. d4 Nf6 2. c4 e6 3. Nc3 Bb4 4. Qc2 Nc6 5. Nf3 h6 6. a3 Bxc3+ 7. Qxc3 O-O 8. e3 d6 9. b4 b6 10. Be2 Bb7 11. Bb2 Ne4 12. Qc2 Ne7 13. O-O f5 14. Ne1 Qe8 15. f3 Nf6 16. Nd3 g5 17. Nf2 Ng6 18. Rae1 a5 19. b5 c6 20. bxc6 Bxc6 21. d5 Ba4 22. Qb1 e5 23. Qxf5 Ra7 24. Qb1 b5 25. cxb5 Rb7 26. Ne4 Nxe4 27. Qxe4 Bxb5 28. Bc3 Rg7 29. a4 Bxa4 30. Bxa5 Bb5 31. Bb4 Rf6 32. Bxb5 Qxb5 33. Rb1 Qe2 34. Rfe1 Qa6 35. Ra1 Qb6 36. Kh1 Rb7 37. Reb1 Ra7 38. h3 Rxa1 39. Rxa1 Ne7 40. Kh2 Rf8 41. Rc1 Rf6 42. Rb1 Nf5 43. Bd2 Qa6 44. f4 Nh4 45. fxg5 hxg5 46. Qg4 1-0

[Event "Polish Extraleague"]
[Site "Lubniewice"]
[Date "2003.08.30"]
[Round "1"]
[White "Jedynak, Radoslaw"]
[Black "Dobrowolski, Piotr"]
[Result "1/2-1/2"]
[WhiteElo "2453"]
[BlackElo "2396"]
[PlyCount "72"]
[EventDate "2003.08.30"]
[Source "Roberto Alvarez"]
[SourceDate "2003.09.15"]

1. d4 Nf6 2. c4 e6 3. Nc3 Bb4 4. Qc2 Nc6 5. e3 d6 6. a3 Bxc3+ 7. Qxc3 a5 8. b3 Qe7 9. Nf3 e5 10. Bb2 Ne4 11. Qc2 f5 12. Bd3 exd4 13. Nxd4 Nxd4 14. Bxd4 O-O 15. g4 a4 16. b4 c5 17. Bb2 cxb4 18. axb4 d5 19. gxf5 Qxb4+ 20. Ke2 Bxf5 21. f3 Nc5 22. Bxf5 Rxf5 23. Rhg1 g6 24. Rg4 Raf8 25. Rag1 Qb3 26. Qxb3 Nxb3 27. Ba3 Rc8 28. c5 Nxc5 29. Rc1 b6 30. Rxa4 Rcf8 31. Bxc5 bxc5 32. Rxc5 Rxf3 33. h4 Rh3 34. Rxd5 Re8 35. h5 Rhxe3+ 36. Kf2 R3e5 1/2-1/2

[Event "It (Open) INT"]
[Site "?"]
[Date "2006.05.06"]
[Round "?"]
[White "Dragomarezkij Evgeni"]
[Black "Pogromsky Mikhail"]
[Result "1-0"]
[WhiteElo "2483"]
[BlackElo "2363"]
[PlyCount "111"]
[EventDate "2006.??.??"]
[Source "www.chesslib.no"]
[SourceDate "2004.05.04"]

1. d4 Nf6 2. c4 e6 3. Nc3 Bb4 4. Qc2 Nc6 5. e3 e5 6. d5 Ne7 7. Nge2 O-O 8. a3 Bxc3+ 9. Nxc3 d6 10. Bd3 c6 11. O-O cxd5 12. cxd5 Bd7 13. e4 Rc8 14. Qb3 Qc7 15. Bg5 Ng6 16. Bxf6 gxf6 17. Rfc1 Nf4 18. Bf1 Qb6 19. Qxb6 axb6 20. g3 Ng6 21. Bb5 Rxc3 22. Bxd7 Rc5 23. b4 Rxc1+ 24. Rxc1 Ra8 25. Rc3 Kf8 26. Bf5 Ke8 27. Rc7 Ra7 28. Kg2 Ne7 29. Bxh7 Kd8 30. Rc3 Kd7 31. g4 Ra8 32. Kg3 Rh8 33. Bf5+ Nxf5+ 34. exf5 b5 35. h4 Rg8 36. h5 Rh8 37. Rc1 Ra8 38. Rc3 Rh8 39. f3 Ra8 40. f4 Rg8 41. fxe5 fxe5 42. Kh4 f6 43. Rg3 Ke7 44. Rh3 Kf7 45. Rc3 Re8 46. Kg3 Re7 47. Kf3 Kg7 48. Rc8 Kh6 49. Rg8 Rc7 50. Rg6+ Kh7 51. Rxf6 Rc3+ 52. Kf2 Rxa3 53. g5 Rb3 54. Rf7+ Kg8 55. g6 Rxb4 56. h6 1-0

[Event "GMA qual"]
[Site "Belgorod RUS"]
[Date "1989.??.??"]
[Round "?"]
[White "Savchenko, Stanislav"]
[Black "Bagaturov, Giorgi"]
[Result "1/2-1/2"]
[WhiteElo "2480"]
[BlackElo "2365"]
[PlyCount "190"]
[EventDate "1989.??.??"]
[Source "www.chesslib.no"]
[SourceDate "2004.05.04"]

1. d4 Nf6 2. c4 e6 3. Nc3 Bb4 4. Qc2 Nc6 5. Nf3 d5 6. e3 O-O 7. Bd2 Re8 8. a3 Bf8 9. Bd3 a6 10. O-O g6 11. b4 Bg7 12. Rad1 b6 13. Bc1 Bb7 14. Rfe1 dxc4 15. Bxc4 Nd5 16. Bb2 Nxc3 17. Bxc3 Na7 18. e4 Nb5 19. Bb2 Qe7 20. Qe2 Nd6 21. Bd3 Red8 22. Rc1 Qd7 23. Rc2 Nb5 24. Rec1 c6 25. e5 Nc7 26. Ng5 Nd5 27. Qg4 Re8 28. h4 f5 29. exf6 Nxf6 30. Qh3 Bh6 31. Re1 Bxg5 32. hxg5 Nd5 33. g3 Re7 34. f4 Rae8 35. Rh2 Rg7 36. Be2 Bc8 37. Bg4 Rge7 38. Qg2 Qd6 39. Qc2 Rf7 40. Rhe2 Bd7 41. Qc4 Bc8 42. Bf3 Rfe7 43. Rc2 Bb7 44. Be4 Rf8 45. Qd3 Rg7 46. Rh2 Bc8 47. Ree2 b5 48. Re1 Bd7 49. Rhe2 Re8 50. Qc2 Rf7 51. Bf3 Ref8 52. Bg4 Re7 53. Qc5 Qb8 54. Re5 Rfe8 55. R1e2 Kg7 56. Kh2 Qc7 57. Bf3 Rf7 58. Bg4 Rfe7 59. Bh3 Kf7 60. Bc1 Kg8 61. Kg1 Kf7 62. Bg4 Kg8 63. Re1 Nb6 64. Be2 Na4 65. Qc2 Qd6 66. Qd2 Bc8 67. Bd1 Nb6 68. Bb3 Nd5 69. Qc2 Rd8 70. Bb2 Rf7 71. Rc1 Bb7 72. Re2 Rf5 73. Qd3 Bc8 74. Re4 Rdf8 75. Rf1 Bd7 76. Bd1 R5f7 77. Bg4 Bc8 78. Qc2 Rd8 79. Rc1 Rc7 80. Qc5 Kf7 81. Bh3 Kg8 82. Rce1 Re7 83. Bf1 Rf7 84. Rc1 Rc7 85. a4 Kf7 86. a5 Kg8 87. Bh3 Kf7 88. Rce1 Re7 89. Bc1 Kg8 90. Bd2 Kf7 91. Re5 Kg8 92. Rc1 Rc7 93. Rc2 Ne7 94. Be3 Nd5 95. Bd2 Ne7 1/2-1/2

[Event "Berliner Sommer"]
[Site "Berlin GER"]
[Date "1992.??.??"]
[Round "?"]
[White "Krueger, Kai"]
[Black "Rotstein, Arkadij"]
[Result "0-1"]
[WhiteElo "2325"]
[BlackElo "2515"]
[PlyCount "111"]
[EventDate "1992.08.??"]
[Source "www.chesslib.no"]
[SourceDate "2004.05.04"]

1. d4 Nf6 2. c4 e6 3. Nc3 Bb4 4. Qc2 Nc6 5. Nf3 d5 6. Bg5 h6 7. Bxf6 Qxf6 8. e3 O-O 9. a3 Bxc3+ 10. Qxc3 Re8 11. Be2 dxc4 12. Bxc4 e5 13. Nxe5 Nxe5 14. dxe5 Qxe5 15. Qxe5 Rxe5 16. Rd1 Kf8 17. Rd5 Rxd5 18. Bxd5 Bf5 19. Ke2 c6 20. Bb3 Rd8 21. Rd1 Rxd1 22. Kxd1 Ke7 23. Kd2 f6 24. h4 Kd6 25. f3 c5 26. Kc3 Bd7 27. Bd1 Bb5 28. g3 Bc6 29. Kd3 a5 30. e4 Bb5+ 31. Ke3 Bc4 32. a4 Kc6 33. Kd2 Bf1 34. f4 c4 35. Kc3 Kc5 36. Bf3 b6 37. Bh5 Bd3 38. Bf7 Be2 39. Be8 Bd1 40. Bb5 Be2 41. Be8 Bg4 42. Bf7 Bd7 43. Bxc4 Bxa4 44. e5 fxe5 45. fxe5 Bc6 46. Bf7 Bd5 47. Bh5 Be6 48. Bf3 b5 49. g4 g5 50. hxg5 hxg5 51. Kd3 b4 52. Bd1 Kd5 53. b3 Kxe5 54. Ke3 Bf7 55. Kd3 Bd5 56. Ke3 0-1

[Event "Lohmar"]
[Site "Lohmar"]
[Date "1999.12.26"]
[Round "1"]
[White "Jakab, Attila"]
[Black "Dgebuadze, Alexandre"]
[Result "1-0"]
[WhiteElo "2328"]
[BlackElo "2510"]
[PlyCount "83"]
[EventDate "1999.12.26"]
[Source "www.chesslib.no"]
[SourceDate "2004.05.04"]

1. d4 e6 2. c4 Nf6 3. Nc3 Bb4 4. Qc2 Nc6 5. Nf3 Qe7 6. a3 Bxc3+ 7. Qxc3 O-O 8. g3 a5 9. b3 d5 10. Bg2 Ne4 11. Qd3 Rd8 12. O-O Bd7 13. Nd2 Nf6 14. e4 dxc4 15. bxc4 Be8 16. d5 e5 17. Bb2 Nb8 18. f4 Nbd7 19. Qc3 Ra6 20. fxe5 Ng4 21. Bh3 h5 22. Bxg4 hxg4 23. Rf4 Rg6 24. Qxa5 Nxe5 25. Qc3 f6 26. a4 Rh6 27. Qa3 Rd6 28. a5 Bd7 29. a6 Qe8 30. axb7 Rb6 31. c5 Rxb7 32. c6 Bxc6 33. dxc6 Nxc6 34. Rc1 Rh5 35. Qa2+ Kh7 36. Bxf6 Nb4 37. Qc4 gxf6 38. Rxf6 c5 39. Rcf1 Kg7 40. e5 Rg5 41. Ne4 Rxe5 42. Nd6 1-0

[Event "JUG-chT"]
[Site "Niksic"]
[Date "1996.??.??"]
[Round "?"]
[White "Paunovic, Tomislav"]
[Black "Laketic, Gojko"]
[Result "0-1"]
[WhiteElo "2390"]
[BlackElo "2445"]
[PlyCount "61"]
[EventDate "1996.??.??"]
[Source "www.chesslib.no"]
[SourceDate "2004.05.04"]

1. d4 Nf6 2. c4 e6 3. Nc3 Bb4 4. Qc2 Nc6 5. Nf3 Qe7 6. Bd2 d5 7. a3 Bxc3 8. Bxc3 Bd7 9. e3 O-O 10. Bd3 dxc4 11. Bxc4 Nd5 12. Bd2 Nb6 13. Ba2 Qf6 14. O-O Rfc8 15. Rac1 Ne7 16. Bb1 Ng6 17. Rfe1 Be8 18. e4 Qe7 19. g3 Nd7 20. e5 Nb6 21. h4 Bc6 22. Ng5 h6 23. Nxf7 Nf8 24. Nh8 Be8 25. Bb4 c5 26. Bxc5 Rxc5 27. dxc5 Nd5 28. Qe4 Kxh8 29. Qg4 a5 30. Red1 Bc6 31. Rd4 0-1

[Event "Oberwart Open"]
[Site "Oberwart AUT"]
[Date "1991.??.??"]
[Round "?"]
[White "Ilincic, Zlatko"]
[Black "Znamenacek, Kvetoslav"]
[Result "1/2-1/2"]
[WhiteElo "2490"]
[BlackElo "2340"]
[PlyCount "103"]
[EventDate "1991.07.??"]
[Source "www.chesslib.no"]
[SourceDate "2004.05.04"]

1. d4 Nf6 2. c4 e6 3. Nc3 Bb4 4. Qc2 Nc6 5. Nf3 O-O 6. a3 Bxc3+ 7. Qxc3 d6 8. g3 a5 9. b3 Qe7 10. Bb2 Re8 11. Bg2 e5 12. dxe5 dxe5 13. O-O Ne4 14. Qc2 Nc5 15. Rad1 f6 16. Bc3 Be6 17. Nd2 Red8 18. Bxc6 bxc6 19. b4 Na6 20. b5 Nc5 21. a4 Qf7 22. Qa2 cxb5 23. axb5 a4 24. Qa3 Nb3 25. Nxb3 axb3 26. Rxd8+ Rxd8 27. Qxb3 Bxc4 28. Rd1 Rxd1+ 29. Qxd1 Bxb5 30. Qd8+ Be8 31. Bb4 Qd7 32. Qxd7 Bxd7 33. Kf1 Kf7 34. Ke1 Ke6 35. Bf8 g6 36. Kd2 Kd5 37. Bg7 f5 38. Bh6 Bb5 39. Bg5 c6 40. Bh6 Ke4 41. f3+ Kd5 42. Bg5 Ke6 43. Bh6 Bc4 44. h4 Kd5 45. Bg5 Bb5 46. Bh6 c5 47. Bg5 c4 48. Bh6 e4 49. Bg7 exf3 50. exf3 Bc6 51. Ke3 Kc5 52. Bc3 1/2-1/2

[Event "Calcutta op"]
[Site "Calcutta"]
[Date "1994.??.??"]
[Round "1"]
[White "Deshmukh, Anup"]
[Black "Giorgadze, Giorgi"]
[Result "0-1"]
[WhiteElo "2270"]
[BlackElo "2555"]
[PlyCount "82"]
[EventDate "1994.02.??"]
[Source "ChessBase"]

1. d4 Nf6 2. c4 e6 3. Nc3 Bb4 4. Qc2 Nc6 5. Nf3 d5 6. a3 Bxc3+ 7. bxc3 dxc4 8. e4 Na5 9. Bg5 h6 10. Bxf6 gxf6 11. Bxc4 Nxc4 12. Qa4+ Qd7 13. Qxc4 b6 14. O-O Bb7 15. Rfe1 Rg8 16. Re3 O-O-O 17. Ne1 Rg5 18. f3 Ra5 19. Qe2 Ba6 20. Qf2 Qb5 21. Nd3 Qb3 22. Qb2 Qxb2 23. Nxb2 c5 24. dxc5 Rd2 25. Nd1 Rxc5 26. Nf2 h5 27. h4 Rc2 28. g4 Kd7 29. a4 Ke7 30. Kg2 hxg4 31. fxg4 Be2 32. Kg3 R5xc3 33. Ra3 Rxa3 34. Rxa3 e5 35. h5 Kf8 36. a5 b5 37. a6 b4 38. Ra4 b3 39. Rb4 b2 40. Kh4 Kg7 41. Kg3 Rd2 0-1

[Event "ADCF Masters, Abu Dhabi UAE"]
[Site "?"]
[Date "2001.??.??"]
[Round "2"]
[White "Ali, Mah"]
[Black "Magerramov, E."]
[Result "1/2-1/2"]
[WhiteElo "2270"]
[BlackElo "2555"]
[PlyCount "120"]
[EventDate "2001.??.??"]
[Source "www.chesslib.no"]
[SourceDate "2004.05.04"]

1. d4 Nf6 2. c4 e6 3. Nc3 Bb4 4. Qc2 Nc6 5. Nf3 d5 6. Bg5 h6 7. Bxf6 Qxf6 8. e3 O-O 9. a3 Bxc3+ 10. Qxc3 a6 11. Bd3 dxc4 12. Bxc4 Rd8 13. Ba2 Bd7 14. O-O Rac8 15. Rac1 Be8 16. Rfd1 Ne7 17. Qa5 Bc6 18. Qe5 Bxf3 19. Qxf6 gxf6 20. gxf3 c6 21. Kf1 Kg7 22. Ke2 f5 23. f4 Kf6 24. b4 Ra8 25. Rc5 Rg8 26. a4 h5 27. a5 h4 28. h3 Rg2 29. Rh1 Rag8 30. Kf3 Nc8 31. Bb1 Nd6 32. Bd3 Ke7 33. Rc2 Ne8 34. Rcc1 Kd6 35. Bf1 R2g7 36. Bd3 Nf6 37. Rb1 Nd5 38. Rhc1 Rg2 39. Rh1 Kc7 40. Bc2 Kd7 41. Bd3 Kd6 42. Bc2 Nc3 43. Rbf1 R8g7 44. Bd3 Rg8 45. Bc2 R2g6 46. Rc1 Nd5 47. Rb1 Rh8 48. Bd3 b6 49. Rhc1 Rgg8 50. Bc4 Nf6 51. Bd3 b5 52. Rg1 Nd5 53. Rxg8 Rxg8 54. Bc2 f6 55. Bd3 Nc3 56. Rc1 Na2 57. Rb1 Kd5 58. Rb2 Nc3 59. Rc2 Ne4 60. Rc1 Nd2+ 1/2-1/2

[Event "RUS-Cup"]
[Site "Bor"]
[Date "2000.??.??"]
[Round "3"]
[White "Tunik, Gennady"]
[Black "Bojarinov, Victor A"]
[Result "1/2-1/2"]
[WhiteElo "2442"]
[BlackElo "2380"]
[PlyCount "114"]
[EventDate "2000.06.??"]
[Source "www.chesslib.no"]
[SourceDate "2004.05.04"]

1. d4 Nf6 2. c4 e6 3. Nc3 Bb4 4. Qc2 Nc6 5. Nf3 d5 6. cxd5 exd5 7. Bg5 Qd6 8. e3 Ne4 9. Bf4 Qg6 10. a3 Nd6 11. Qxg6 Bxc3+ 12. bxc3 hxg6 13. Nd2 Na5 14. f3 Be6 15. Kf2 Kd7 16. Bd3 Rac8 17. e4 c6 18. h3 b6 19. Ba6 Rce8 20. Rhe1 f6 21. a4 Bf7 22. Bd3 g5 23. Bg3 Re7 24. e5 Ndc4 25. Nxc4 Nxc4 26. exf6 gxf6 27. Rxe7+ Kxe7 28. Re1+ Kd8 29. f4 Re8 30. fxg5 fxg5 31. h4 Rxe1 32. Kxe1 gxh4 33. Bxh4+ Kd7 34. Bg5 a5 35. Bf4 Be6 36. Bc1 Nd6 37. Kd1 Bg4+ 38. Kc2 Bf5 39. Bxf5+ Nxf5 40. g4 Nd6 41. Bf4 Nc4 42. Bc1 Ke6 43. Bf4 Nd6 44. Kb3 Nc4 45. Bc1 Kd7 46. Bf4 Nd6 47. Kc2 b5 48. axb5 cxb5 49. Kb3 Ne4 50. Be5 Ke6 51. Bc7 a4+ 52. Kb4 Nf2 53. Ba5 Nd1 54. Bd8 Nb2 55. Bg5 Nd3+ 56. Ka3 Kf7 57. Be3 Kg6 1/2-1/2

[Event "300 Years"]
[Site "St Petersburg"]
[Date "2003.10.22"]
[Round "5"]
[White "Ovod, Evgenija"]
[Black "Voitsekhovsky, Stanislav"]
[Result "1/2-1/2"]
[WhiteElo "2317"]
[BlackElo "2503"]
[PlyCount "39"]
[EventDate "2003.10.18"]
[Source "Roberto Alvarez"]
[SourceDate "2003.10.27"]

1. d4 Nf6 2. c4 e6 3. Nc3 Bb4 4. Qc2 Nc6 5. Nf3 d5 6. Bg5 h6 7. Bxf6 Qxf6 8. e3 O-O 9. a3 Bxc3+ 10. Qxc3 Re8 11. cxd5 exd5 12. Bb5 Bh3 13. Ne5 Nxe5 14. Bxe8 Ng4 15. O-O Rxe8 16. gxh3 Qg6 17. Kh1 Qf5 18. Kg1 Qg6 19. Kh1 Qf5 20. Kg1 1/2-1/2

[Event "RUS-Cup1 Chigorin mem"]
[Site "St Petersburg"]
[Date "1996.??.??"]
[Round "1"]
[White "Skomorokhin, Roman"]
[Black "Pozdniakov, Sergei"]
[Result "0-1"]
[WhiteElo "2450"]
[BlackElo "2360"]
[PlyCount "70"]
[EventDate "1996.11.??"]
[Source "ChessBase"]

1. d4 Nf6 2. c4 e6 3. Nc3 Bb4 4. Qc2 Nc6 5. Nf3 O-O 6. Bg5 d6 7. e3 h6 8. Bh4 Qe7 9. O-O-O Bxc3 10. Qxc3 e5 11. Rg1 Bf5 12. d5 Nb8 13. g4 Bg6 14. Nd2 e4 15. g5 Ne8 16. f4 exf3 17. Nxf3 h5 18. Bg3 Nd7 19. Bf4 Nc5 20. Nh4 Be4 21. b4 Nd7 22. Bh3 a5 23. Bxd7 Qxd7 24. Qd4 Qe7 25. b5 c6 26. dxc6 bxc6 27. b6 Qe6 28. Rd2 c5 29. Qc3 Ra6 30. Rb2 Qc8 31. g6 Qb7 32. gxf7+ Rxf7 33. Qb3 a4 34. Qb5 Bc6 35. Qxa6 Qxa6 0-1

[Event "AUT-chT2S 9293"]
[Site "Austria"]
[Date "1993.??.??"]
[Round "?"]
[White "Lazarev, Vladimir"]
[Black "Kiss, Attila"]
[Result "0-1"]
[WhiteElo "2430"]
[BlackElo "2365"]
[PlyCount "54"]
[EventDate "1992.??.??"]
[Source "www.chesslib.no"]
[SourceDate "2004.05.04"]

1. d4 Nf6 2. c4 e6 3. Nc3 Bb4 4. Qc2 Nc6 5. Nf3 d5 6. cxd5 exd5 7. Bg5 h6 8. Bh4 g5 9. Bg3 g4 10. Ne5 Nxd4 11. Qa4+ c6 12. O-O-O Bxc3 13. bxc3 Nf5 14. Rd3 Nxg3 15. hxg3 Be6 16. f3 Qb6 17. Qf4 Ke7 18. e3 Qa5 19. Kb2 c5 20. Be2 Rad8 21. Rb1 Nh5 22. Ng6+ fxg6 23. Qe5 Nf6 24. Ka1 Rd7 25. c4 Qc7 26. Rxd5 Qxe5+ 27. Rxe5 b6 0-1

[Event "Dnepropetrovsk (Ukraine)"]
[Site "?"]
[Date "2004.02.??"]
[Round "5"]
[White "Nazarevich Vitaly"]
[Black "Zavgorodniy Sergiy"]
[Result "1-0"]
[WhiteElo "2347"]
[BlackElo "2447"]
[PlyCount "63"]
[EventDate "2004.??.??"]
[Source "www.chesslib.no"]
[SourceDate "2004.05.04"]

1. d4 Nf6 2. c4 e6 3. Nc3 Bb4 4. Qc2 Nc6 5. Nf3 Qe7 6. a3 Bxc3+ 7. Qxc3 d6 8. b4 e5 9. dxe5 Nxe5 10. Nxe5 dxe5 11. Bb2 Nd7 12. g3 O-O 13. Bg2 Re8 14. O-O c5 15. Rfd1 f6 16. Bc1 Nb6 17. Be3 cxb4 18. axb4 Be6 19. c5 Nc4 20. c6 b5 21. Bc5 Qc7 22. Ra6 Red8 23. Rxd8+ Rxd8 24. h4 Bd5 25. Bxd5+ Rxd5 26. Qf3 Rd1+ 27. Kg2 Qc8 28. Rxa7 f5 29. e4 Rd8 30. Qh5 Qe6 31. Qg5 Qf6 32. Rxg7+ 1-0

[Event "RUS-ch sf"]
[Site "Novosibirsk"]
[Date "1998.??.??"]
[Round "?"]
[White "Belozerov, Andrei"]
[Black "Zemerov, Vladimir"]
[Result "1-0"]
[WhiteElo "2460"]
[BlackElo "2330"]
[PlyCount "91"]
[EventDate "1998.??.??"]
[Source "www.chesslib.no"]
[SourceDate "2004.05.04"]

1. d4 Nf6 2. c4 e6 3. Nc3 Bb4 4. Qc2 Nc6 5. Nf3 d5 6. cxd5 exd5 7. Bg5 h6 8. Bxf6 Qxf6 9. e3 Bf5 10. Bd3 Bxd3 11. Qxd3 O-O 12. O-O Ne7 13. a3 Bd6 14. Nb5 c6 15. Nxd6 Qxd6 16. Rfc1 Nc8 17. Ne5 Qe6 18. Rc2 Nd6 19. Rac1 Rfe8 20. a4 Rac8 21. Qb3 Rb8 22. Qb4 Rbd8 23. Qa5 Qf5 24. Qxa7 f6 25. Nf3 Ra8 26. Qc5 Rxa4 27. b3 Ra6 28. h3 Nb5 29. Rc4 Rea8 30. Ra4 Rxa4 31. bxa4 Rxa4 32. Qe7 Ra7 33. Nh4 Qc8 34. g4 b6 35. Nf5 Kh7 36. Qb4 Qe8 37. Nd6 Qd7 38. Nxb5 cxb5 39. Rb1 Ra5 40. Kg2 Qe6 41. Rc1 Qe4+ 42. Kg3 f5 43. Qf8 fxg4 44. hxg4 Ra7 45. Rc8 Qe6 46. Re8 1-0

[Event "BUL-FRA"]
[Site "BUL"]
[Date "1985.??.??"]
[Round "12"]
[White "Semkov, Semko"]
[Black "Miralles, Gilles"]
[Result "1-0"]
[WhiteElo "2410"]
[BlackElo "2365"]
[PlyCount "67"]
[EventDate "1985.??.??"]
[Source "ChessBase"]

1. d4 Nf6 2. c4 e6 3. Nc3 Bb4 4. e3 Nc6 5. Qc2 d6 6. a3 Bxc3+ 7. Qxc3 a5 8. b3 O-O 9. Nf3 Re8 10. Be2 e5 11. O-O Bg4 12. h3 Bh5 13. dxe5 dxe5 14. Rd1 Qe7 15. Bb2 Rad8 16. Qe1 Bg6 17. Bc3 Bc2 18. Rxd8 Rxd8 19. b4 axb4 20. axb4 e4 21. Nd4 Bd3 22. Nxc6 bxc6 23. Bd4 Bxe2 24. Qxe2 Ne8 25. Ra5 Qxb4 26. Rc5 Rd6 27. Kh2 Re6 28. Qa2 Qb7 29. Ra5 h6 30. Ra8 Kh7 31. Rd8 Nd6 32. Qa5 Re7 33. Qh5 c5 34. Rh8+ 1-0

[Event "Harkany op"]
[Site "Harkany"]
[Date "1997.??.??"]
[Round "6"]
[White "Varga, Peter"]
[Black "Zemerov, Vladimir"]
[Result "1/2-1/2"]
[WhiteElo "2390"]
[BlackElo "2385"]
[PlyCount "88"]
[EventDate "1997.??.??"]
[Source "www.chesslib.no"]
[SourceDate "2004.05.04"]

1. d4 Nf6 2. c4 e6 3. Nc3 Bb4 4. Qc2 Nc6 5. Nf3 d5 6. cxd5 exd5 7. Bg5 h6 8. Bxf6 Qxf6 9. e3 O-O 10. Be2 Bf5 11. Qb3 Qd6 12. O-O Bxc3 13. Qxc3 Rfc8 14. Rfc1 Ne7 15. b4 c6 16. a4 Ng6 17. Ne1 Qf6 18. Qd2 a6 19. Ra3 Be4 20. Rac3 Ne7 21. Nd3 Bxd3 22. Bxd3 g6 23. g3 h5 24. Qe2 Qd6 25. Rb1 Kg7 26. Qf3 Ng8 27. Bf1 Nf6 28. Bh3 Ne4 29. Rc2 Ng5 30. Qg2 Rh8 31. f4 Nxh3+ 32. Qxh3 Rae8 33. Rc3 Re6 34. Qf1 Rhe8 35. Qf3 Qe7 36. Kf2 Re4 37. Rd3 Qd7 38. Kg2 Qf5 39. Rbb3 Qd7 40. h3 Qe6 41. Rdc3 Qd7 42. Qf1 Qf5 43. Qf3 Qd7 44. Qf1 Qf5 1/2-1/2

[Event "Voronezh-ch Region"]
[Site "Voronezh"]
[Date "2004.12.11"]
[Round "9"]
[White "Sergienko, Sergey"]
[Black "Provotorov, Ivan"]
[Result "1/2-1/2"]
[WhiteElo "2433"]
[BlackElo "2334"]
[PlyCount "90"]
[EventDate "2004.12.03"]
[Source "Roberto Alvarez"]
[SourceDate "2004.12.13"]

1. d4 Nf6 2. c4 e6 3. Nc3 Bb4 4. Qc2 Nc6 5. Nf3 d5 6. cxd5 exd5 7. Bg5 h6 8. Bxf6 Qxf6 9. e3 O-O 10. a3 Bf5 11. Bd3 Bxc3+ 12. bxc3 Bxd3 13. Qxd3 Rad8 14. O-O Na5 15. Nd2 Qc6 16. Rab1 Nc4 17. Nxc4 dxc4 18. Qe2 Qa6 19. Rb4 c5 20. Rxc4 cxd4 21. cxd4 Qxa3 22. Rc7 Qb3 23. Qf3 Rb8 24. Rfc1 a5 25. h3 a4 26. R7c3 Qb4 27. Qd5 b5 28. Qa2 Qa5 29. Rc5 Qa6 30. Rc6 Qa8 31. d5 b4 32. Qc4 Qb7 33. d6 b3 34. Rc7 Qa8 35. d7 b2 36. Rb1 a3 37. Qa2 Qa5 38. Rc6 Qf5 39. Ra6 Qxd7 40. Rxa3 Qd2 41. Ra7 Kh8 42. Rc7 Qd3 43. g3 Qd2 44. Qc4 Rb4 45. Qc2 Qxc2 1/2-1/2

[Event "IV Memorial Geller"]
[Site "Odessa UCR"]
[Date "2008.09.15"]
[Round "7"]
[White "Lutsko, I."]
[Black "Dmitriev, Ig"]
[Result "1-0"]
[WhiteElo "2399"]
[BlackElo "2364"]
[PlyCount "77"]
[EventDate "2008.09.09"]
[Source "www.chesslib.no"]
[SourceDate "2004.05.04"]

1. d4 Nc6 2. Nf3 d5 3. c4 e6 4. Nc3 Bb4 5. e3 Nf6 6. Bd2 O-O 7. Qc2 Bd6 8. c5 Be7 9. Bb5 Bd7 10. a3 Ne8 11. e4 dxe4 12. Qxe4 Nf6 13. Qc2 Be8 14. Be3 Nd5 15. Nxd5 Qxd5 16. Bc4 Qd8 17. O-O-O Na5 18. Bd3 Kh8 19. h4 h6 20. Kb1 b6 21. b4 Nc6 22. Bc4 bxc5 23. dxc5 Qb8 24. Ng5 g6 25. Qb2+ e5 26. h5 Bxg5 27. Bxg5 hxg5 28. hxg6+ Kg7 29. gxf7 Bxf7 30. Rd7 Qe8 31. Qd2 Kf6 32. Bxf7 Rxf7 33. Rh6+ Kf5 34. g4+ Kxg4 35. Qe2+ Rf3 36. Qe4+ Rf4 37. f3+ Kg3 38. Qe1+ Kxf3 39. Qh1+ 1-0